000 00756nam a22002297a 4500
001 04773
003 HDC
007 cr bn ---aaaaa
008 210118b20142014xxu||||| |||| 00| 0 eng d
040 _aHDC
245 4 _aThe Zilzar-IdealRatings Halal Food Index
_c/ [IdealRatings]
260 _aUnited States:
_bIdealRatings,
_c2014
300 _a1 online resource (2 pages)
336 _atext
_2rdacontent
337 _acomputer
_2rdamedia
338 _aonline resource
_2rdacarrier
650 _aHalal food industry
_9128
856 _zRequest full-text at [email protected]
942 _2lcc
942 _cAR
942 _kEMAG 000224
999 _c2098
_d2098